West Ham United Squad 2016-2017 - Statistics

General Stats
  • This quiz has been taken 15 times
  • The average score is 18 of 31
Answer Stats
# Position Nation Player % Correct
13 GK Spain Adrián
92%
1 GK Ireland Darren Randolph
92%
10 MF Argentina Manuel Lanzini
92%
30 FW Jamaica Michail Antonio
92%
2 DF New Zealand Winston Reid
92%
8 MF Senegal Cheikhou Kouyaté
83%
27 FW France Dimitri Payet
83%
- Coach Croatia Slaven Bilić
83%
3 DF England Aaron Cresswell
75%
9 FW England Andy Carroll
75%
15 FW Senegal Diafra Sakho
75%
19 DF Wales James Collins
75%
16 MF England Mark Noble
75%
14 MF Equatorial Guinea Pedro Obiang
75%
11 FW Scotland Robert Snodgrass
75%
11 FW Italy Simone Zaza
75%
21 DF Italy Angelo Ogbonna
67%
20 FW Ghana André Ayew
58%
26 DF DR Congo Arthur Masuaku
58%
7 FW Algeria Sofiane Feghouli
58%
17 FW Turkey Gökhan Töre
50%
31 MF Switzerland Edimilson Fernandes
42%
23 DF Portugal José Fonte
42%
5 DF Spain Álvaro Arbeloa
33%
35 DF England Reece Oxford
33%
25 DF Canada Doneil Henry
25%
4 MF Norway Håvard Nordtveit
17%
28 FW Argentina Jonathan Calleri
17%
24 FW England Ashley Fletcher
8%
34 GK Switzerland Raphael Spiegel
8%
22 DF England Sam Byram
0%
No matching quizzes found
Score Distribution
Percent of People with Each Score
Percentile by Number Answered
Your Score History
You have not taken this quiz